| 000 | 00871nam a2200301Ia 4500 | ||
|---|---|---|---|
| 001 | Para_7792 | ||
| 003 | CHAP | ||
| 008 | 220125s1925 xx 000 0 und d | ||
| 010 | _a206427 | ||
| 040 | _cCHAP | ||
| 082 | _aPA-C 595.75 H4 | ||
| 100 |
_aKuwana, Inokichi _964153 |
||
| 245 |
_aThe diaspinde coccidae of Japan, III : _b the genus Fiorina / _c by Inokichi Kuwana |
||
| 260 |
_aYokohama, Japan : _b Deparment of Finance |
||
| 300 | _a20 p. | ||
| 440 |
_aHemÃptera ; 6 _9172732 |
||
| 500 | _aEnc. con otros impresos similares | ||
| 650 |
_aCoccidae _924200 |
||
| 650 |
_aDiaspididae _932427 |
||
| 650 |
_aHemÃpteros _x clecciones de escritos _9172735 |
||
| 901 | _aPA-C 595.75 H4 | ||
| 902 | _aA | ||
| 905 | _a0000001925 a 0000000000 00 | ||
| 910 | _a1925 | ||
| 942 | _cPARA | ||
| 942 |
_cPARA _d1 |
||
| 999 |
_c206427 _d206427 |
||